Statistiques concernant l'indicatif téléphonique de l'Afrique de l'ouest-Quiz

Cliquez ici pour prendre le quiz!

Statistiques générales

  • Ce quiz a été pris 26 fois
  • Le résultat moyen est 4 sur 19

Statistiques - réponses

HintRéponse% Correct
Quel est l'indicatif téléphonique du Maroc?+212
50%
Quel est l'indicatif téléphonique de l'Algerie?+213
50%
Quel est l'indicatif téléphonique de la Tunisie?+216
50%
Quel est l'indicatif téléphonique du Mali?+223
33%
Quel est l'indicatif téléphonique du Guinée?+224
33%
Quel est l'indicatif téléphonique du Niger?+227
33%
Quel est l'indicatif téléphonique du Togo?+228
33%
Quel est l'indicatif téléphonique du Ghana?+233
33%
Quel est l'indicatif téléphonique du Benin?+229
17%
Quel est l'indicatif téléphonique du sierra leone+232
17%
Quel est l'indicatif téléphonique du Cap-vert?+238
17%
Quel est l'indicatif téléphonique du Gambie?+220
0%
Quel est l'indicatif téléphonique du Senegal ?+221
0%
Quel est l'indicatif téléphonique du Mauritanie?+222
0%
Quel est l'indicatif téléphonique du Cote-d'ivoire+225
0%
Quel est l'indicatif téléphonique du Burkina faso ?+226
0%
Quel est l'indicatif téléphonique du Liberia+231
0%
Quel est l'indicatif téléphonique du Nigeria?+234
0%
Quel est l'indicatif téléphonique du Guinée Bissau?+245
0%

Distribution des résultats

Percentile par nombre de réponses

% des personnes avec chaque résultat

Votre développement - résultats

Vous n’avez pas pris ce quiz